000 00534nam a2200181 4500
001 118280
003 ES-MaACL
005 20241210140221.0
007 t|
008 070214m19731974sp r ||||1| spa d
100 1 _aPemán, José María,
_d1897-1981
_990130
245 1 0 _aMensajes desde ` El Cerro ` /
_cJosé María Pemán.
250 _a1ª ed.
260 _aMadrid :
_bSala,
_c1973-1974.
300 _aLXXXIII, 367 p. :
_b`Retr. aut.` ;
_c24 cm.
852 _aES-MaACL
_jC-55578
_bR.88395
999 _c118280
_d118280